[Event "Vecindario Montalvo Memorial 17th"]
[Site "Vecindario"]
[Date "2025.04.14"]
[Round "3"]
[White "Posso Cangrejo, Sergio David"]
[Black "Roca Marrero, Fernando"]
[Result "0-1"]
[WhiteElo "1878"]
[BlackElo "1617"]
[PlyCount "112"]
[EventDate "2025.04.12"]
[EventType "swiss"]
[EventRounds "9"]
[EventCountry "ESP"]
[SourceTitle "CB17_2025"]
[SourceDate "2025.04.23"]
[SourceVersion "1"]
[SourceVersionDate "2025.04.23"]
[SourceQuality "1"]

1. e4 d6 2. d4 g6 3. Nc3 Bg7 4. f4 Nd7 5. Nf3 c5 6. d5 a6 7. a4 Nh6 8. Bd3 0-0 9. 0-0 Re8 10. Qe1 Nf8 11. Qg3 f6 12. Bd2 Nf7 13. Rae1 e5 14. fxe5 fxe5 15. h4 h6 16. Rf2 b6 17. Ref1 Ra7 18. Nh2 Ree7 19. Be2 Nh8 20. Bg4 Rf7 21. Bxc8 Qxc8 22. Ng4 Rxf2 23. Rxf2 Nf7 24. Qh3 Qd8 25. Ne2 g5 26. Ng3 gxh4 27. Nh5 Ng5 28. Ngf6+ Kh8 29. Qxh4 Ng6 30. Qg4 Nf4 31. Nxf4 exf4 32. Rxf4 Rf7 33. Nh5 Bd4+ 34. Kh1 Qf8 35. Rxf7 Qxf7 36. Ng3 Be5 37. Bc3 Bxc3 38. bxc3 Qf2 39. Qc8+ Kh7 40. Qd7+ Nf7 41. Kh2 Qf6 42. Qf5+ Qxf5 43. Nxf5 Kg6 44. Kg3 Kg5 45. c4 h5 46. c3 a5 47. Kf3 Ne5+ 48. Ke2 Nxc4 49. g3 b5 50. axb5 a4 51. Ng7 a3 52. Ne6+ Kg4 53. Kd3 a2 54. Kxc4 a1Q 55. Nxc5 Qa2+ 56. Kd4 Qf2+ 0-1

[Event "Tenerife-chT Tercera"]
[Site "Tenerife"]
[Date "2025.02.08"]
[Round "8.1"]
[White "Amaya Garcia, Jose Jinosar"]
[Black "Posso Cangrejo, Sergio David"]
[Result "0-1"]
[WhiteElo "1637"]
[BlackElo "1833"]
[PlyCount "68"]
[EventDate "2024.11.09"]
[EventType "team-tourn"]
[EventRounds "17"]
[EventCountry "ESP"]
[SourceTitle "CB14_2025"]
[SourceDate "2024.11.01"]
[SourceVersion "1"]
[SourceVersionDate "2024.11.01"]
[SourceQuality "1"]
[WhiteTeam "Ebano Barrio Nuevo IV"]
[BlackTeam "Arona CC"]
[WhiteTeamCountry "ESP"]
[BlackTeamCountry "ESP"]

1. e4 e5 2. Nf3 Nc6 3. Bc4 Bc5 4. c3 Nf6 5. d4 exd4 6. cxd4 Bb4+ 7. Bd2 Bxd2+ 8. Nbxd2 d5 9. exd5 Nxd5 10. 0-0 0-0 11. Re1 Nb6 12. Qb3 Nxd4 13. Nxd4 Qxd4 14. Bxf7+ Kh8 15. Nf3 Qf6 16. Bc4 Bg4 17. Be2 Rae8 18. Rac1 Qf4 19. Qd3 c6 20. b3 Bf5 21. Qd4 Re4 22. Qd2 Qb8 23. Rcd1 h6 24. Bd3 Rxe1+ 25. Qxe1 Bxd3 26. Rxd3 Nd5 27. h3 Qf4 28. Rd4 Qf5 29. Re4 Nf4 30. Nd2 Qg6 31. Rxf4 Rxf4 32. Qe3 Rf8 33. Qxa7 Rf7 34. Nf3 Rxf3 0-1

[Event "Tenerife-chT Tercera"]
[Site "Tenerife"]
[Date "2025.01.25"]
[Round "6.1"]
[White "Hernandez Gutierrez, Acoraide"]
[Black "Posso Cangrejo, Sergio David"]
[Result "0-1"]
[WhiteElo "1700"]
[BlackElo "1833"]
[PlyCount "58"]
[EventDate "2024.11.09"]
[EventType "team-tourn"]
[EventRounds "17"]
[EventCountry "ESP"]
[SourceTitle "CB14_2025"]
[SourceDate "2024.11.01"]
[SourceVersion "1"]
[SourceVersionDate "2024.11.01"]
[SourceQuality "1"]
[WhiteTeam "Lasker Isora II"]
[BlackTeam "Arona CC"]
[WhiteTeamCountry "ESP"]
[BlackTeamCountry "ESP"]

1. d4 Nf6 2. Nf3 e6 3. c4 d5 4. e3 Be7 5. Nc3 0-0 6. cxd5 exd5 7. Be2 c6 8. Qc2 Bg4 9. 0-0 Nbd7 10. a3 a5 11. Bd2 Re8 12. h3 Bh5 13. Na4 Ne4 14. b4 b5 15. Nb2 Nxd2 16. Qxd2 Nb6 17. Ne5 Bxe2 18. Nxc6 Qd6 19. Nxe7+ Rxe7 20. Qxe2 Rea7 21. Qxb5 axb4 22. Nd3 bxa3 23. Rfb1 Nc4 24. Ne5 Nxe5 25. dxe5 Qxe5 26. Rd1 Ra5 27. Qd7 g6 28. Rac1 a2 29. Rc7 Qf6 0-1

[Event "San Cristobal de La Laguna rapid op"]
[Site "San Cristobal de La Laguna"]
[Date "2024.09.01"]
[Round "7"]
[White "Batista Yanez, Jair"]
[Black "Posso Cangrejo, Sergio David"]
[Result "1/2-1/2"]
[WhiteElo "1955"]
[BlackElo "1826"]
[PlyCount "70"]
[EventDate "2024.08.31"]
[EventType "swiss"]
[EventRounds "9"]
[EventCountry "ESP"]
[SourceTitle "EXT 2025"]
[Source "ChessBase"]
[SourceDate "2024.10.14"]
[SourceVersion "1"]
[SourceVersionDate "2024.10.14"]
[SourceQuality "1"]

1. e4 e5 2. Nf3 Nc6 3. Bb5 a6 4. Ba4 Nf6 5. d3 b5 6. Bb3 Bc5 7. 0-0 0-0 8. Nc3 h6 9. a4 Rb8 10. axb5 axb5 11. Nd5 d6 12. Be3 Bxe3 13. fxe3 Be6 14. Nxf6+ Qxf6 15. Nd4 Qxf1+ 16. Qxf1 exd4 17. Qf2 Bxb3 18. cxb3 Ra8 19. Rc1 Ne5 20. Rd1 Ng4 21. Qd2 Nxe3 22. Rc1 c5 23. b4 Rfc8 24. bxc5 dxc5 25. b4 cxb4 26. Rxc8+ Rxc8 27. Qxb4 Rc2 28. Qxd4 Rxg2+ 29. Kh1 Re2 30. h3 h5 31. Qd8+ Kh7 32. Qg5 Re1+ 33. Kh2 Re2+ 34. Kh1 Re1+ 35. Kh2 Re2+ 1/2-1/2

[Event "San Cristobal de La Laguna rapid op"]
[Site "San Cristobal de La Laguna"]
[Date "2024.09.01"]
[Round "9"]
[White "Diaz Reyes, Killian"]
[Black "Posso Cangrejo, Sergio David"]
[Result "1-0"]
[WhiteElo "1981"]
[BlackElo "1826"]
[PlyCount "75"]
[EventDate "2024.08.31"]
[EventType "swiss"]
[EventRounds "9"]
[EventCountry "ESP"]
[SourceTitle "EXT 2025"]
[Source "ChessBase"]
[SourceDate "2024.10.14"]
[SourceVersion "1"]
[SourceVersionDate "2024.10.14"]
[SourceQuality "1"]

1. e4 e5 2. Nf3 Nc6 3. Nc3 Nf6 4. Bb5 Bb4 5. d3 d6 6. 0-0 0-0 7. Bg5 Bxc3 8. bxc3 h6 9. Bh4 Bg4 10. d4 Qe7 11. Re1 g5 12. Bg3 Nh5 13. Qd3 Nxg3 14. fxg3 a6 15. Bxc6 bxc6 16. Rab1 Kg7 17. Nd2 f5 18. h3 fxe4 19. Qxe4 Bf5 20. Qxc6 Bxc2 21. Rb7 Rac8 22. Qxa6 e4 23. Rb2 Qf6 24. Rf1 Bd3 25. Rxf6 Bxa6 26. Rxf8 Rxf8 27. Nxe4 Re8 28. Nf2 Re3 29. Rc2 Rxg3 30. Ng4 h5 31. Kf2 h4 32. Ne3 Kg6 33. a4 Bb7 34. Rb2 Bc8 35. a5 g4 36. hxg4 Bxg4 37. a6 Bf3 38. gxf3 1-0

[Event "San Cristobal de La Laguna rapid op"]
[Site "San Cristobal de La Laguna"]
[Date "2024.09.01"]
[Round "6"]
[White "Posso Cangrejo, Sergio David"]
[Black "Rodriguez Ferraz, Borja"]
[Result "0-1"]
[WhiteElo "1826"]
[BlackElo "2060"]
[PlyCount "120"]
[EventDate "2024.08.31"]
[EventType "swiss"]
[EventRounds "9"]
[EventCountry "ESP"]
[SourceTitle "EXT 2025"]
[Source "ChessBase"]
[SourceDate "2024.10.14"]
[SourceVersion "1"]
[SourceVersionDate "2024.10.14"]
[SourceQuality "1"]

1. Nf3 Nf6 2. c4 e6 3. g3 b6 4. Bg2 Bb7 5. 0-0 Be7 6. b3 0-0 7. Bb2 c5 8. e3 d5 9. Qe2 Nc6 10. d4 dxc4 11. bxc4 cxd4 12. exd4 Rc8 13. Rd1 Na5 14. Nbd2 Qe8 15. Bc3 Qa4 16. Bxa5 Qxa5 17. Ne5 Bxg2 18. Kxg2 Rfd8 19. Nb3 Qa4 20. Rac1 Nd7 21. Nf3 Bf6 22. h4 Nb8 23. Ne5 Bxe5 24. dxe5 Rxd1 25. Rxd1 Nc6 26. Qe4 h6 27. Rd2 a5 28. h5 Nb4 29. Qb7 Qc6+ 30. Qxc6 Rxc6 31. a3 Na6 32. Rd4 Kf8 33. f4 Ke7 34. Kf3 a4 35. Nd2 Nc5 36. Ne4 Nb3 37. Rd6 Rxd6 38. Nxd6 Kd7 39. Ke3 f6 40. Kd3 f5 41. Kc3 Nc5 42. Kd4 Kc6 43. Ne8 Nb7 44. Nxg7 Kd7 45. g4 fxg4 46. f5 Nd8 47. f6 Nf7 48. Ke4 g3 49. Kf3 Nxe5+ 50. Kxg3 Nxc4 51. Kf4 b5 52. Ke4 Nxa3 53. Nf5 exf5+ 54. Kxf5 Nc4 55. Kg6 Ke8 56. Kxh6 Kf7 57. Kg5 Ne5 58. h6 a3 59. h7 Ng6 60. Kh6 a2 0-1

[Event "San Cristobal de La Laguna op-B 6th"]
[Site "San Cristobal de La Laguna"]
[Date "2024.08.27"]
[Round "5"]
[White "Posso Cangrejo, Sergio David"]
[Black "Gomez Mederos, Daniel"]
[Result "1/2-1/2"]
[WhiteElo "1814"]
[BlackElo "1884"]
[PlyCount "114"]
[EventDate "2024.08.24"]
[EventType "swiss"]
[EventRounds "9"]
[EventCountry "ESP"]
[SourceTitle "EXT 2025"]
[Source "ChessBase"]
[SourceDate "2024.10.14"]
[SourceVersion "1"]
[SourceVersionDate "2024.10.14"]
[SourceQuality "1"]

1. Nf3 e6 2. c4 b6 3. g3 Bb7 4. Bg2 Be7 5. Nc3 f5 6. 0-0 Nf6 7. d3 0-0 8. Re1 Bb4 9. Qb3 a5 10. a3 Bxc3 11. Qxc3 d6 12. e4 fxe4 13. Ng5 Qe7 14. Nxe4 Nxe4 15. Bxe4 Bxe4 16. Rxe4 c5 17. Qe1 e5 18. Bd2 Nc6 19. Bc3 Qg5 20. Qe2 Rf7 21. Rf1 Raf8 22. Kg2 Nd8 23. Qe3 Qg6 24. h3 h5 25. b4 axb4 26. axb4 Ne6 27. b5 Ng5 28. Rh4 Rf3 29. Qe2 Ne6 30. Qe4 Qxe4 31. Rxe4 Rxd3 32. Re3 Rxe3 33. fxe3 Ra8 34. Rd1 Ra2+ 35. Kf1 Rc2 36. Rxd6 Rxc3 37. Rxe6 Rxc4 38. Rxb6 Rb4 39. Rb8+ Kf7 40. Ke2 Ke6 41. Kd3 Kd5 42. e4+ Kd6 43. Rb6+ Ke7 44. Rb7+ Kf6 45. b6 Rd4+ 46. Ke3 g5 47. Rc7 Rb4 48. b7 g4 49. h4 Rb3+ 50. Kd2 c4 51. Kc2 Kg6 52. Rd7 Kf6 53. Rc7 Kg6 54. Rc6+ Kg7 55. Rc7+ Kg6 56. Kd2 Kf6 57. Ke2 Kg6 1/2-1/2

[Event "San Cristobal de La Laguna op-B 6th"]
[Site "San Cristobal de La Laguna"]
[Date "2024.08.26"]
[Round "4"]
[White "Castilla Arteaga, Carlos David"]
[Black "Posso Cangrejo, Sergio David"]
[Result "1/2-1/2"]
[WhiteElo "1837"]
[BlackElo "1814"]
[PlyCount "60"]
[EventDate "2024.08.24"]
[EventType "swiss"]
[EventRounds "9"]
[EventCountry "ESP"]
[SourceTitle "EXT 2025"]
[Source "ChessBase"]
[SourceDate "2024.10.14"]
[SourceVersion "1"]
[SourceVersionDate "2024.10.14"]
[SourceQuality "1"]

1. e4 e5 2. Nf3 Nc6 3. d4 exd4 4. Nxd4 Nf6 5. Nc3 Bb4 6. Nxc6 bxc6 7. Bd3 d5 8. exd5 cxd5 9. Qe2+ Qe7 10. Qxe7+ Kxe7 11. 0-0 c6 12. Bg5 h6 13. Bh4 g5 14. Bg3 Bd6 15. Rae1+ Be6 16. f4 gxf4 17. Bxf4 Bxf4 18. Rxf4 Rab8 19. b3 Ne8 20. Na4 Nc7 21. c4 Rb4 22. Nc5 a5 23. Bc2 dxc4 24. a3 Rbb8 25. Nxe6 Nxe6 26. Rxc4 Rhd8 27. Rxc6 Kf8 28. Rf1 Nd4 29. Rc7 Nxc2 30. Rfxf7+ Kg8 1/2-1/2

[Event "La Palma Island op"]
[Site "Santa Cruz de La Palma"]
[Date "2024.08.04"]
[Round "3"]
[White "Posso Cangrejo, Sergio David"]
[Black "Forgas Moreno, Yaniela"]
[Result "0-1"]
[WhiteElo "1814"]
[BlackElo "2217"]
[PlyCount "68"]
[EventDate "2024.08.02"]
[EventType "swiss"]
[EventRounds "10"]
[EventCountry "ESP"]
[SourceTitle "CBM 221 Extra"]
[Source "ChessBase"]
[SourceDate "2024.09.30"]
[SourceVersion "1"]
[SourceVersionDate "2024.09.30"]
[SourceQuality "1"]

1. Nf3 f5 2. c4 Nf6 3. g3 g6 4. b4 d6 5. Bb2 e5 6. d3 Bg7 7. Nc3 0-0 8. Bg2 c6 9. Qb3 Qe7 10. 0-0 e4 11. dxe4 fxe4 12. Ng5 Bf5 13. e3 h6 14. Nh3 g5 15. Kh1 Nbd7 16. Ne2 Ne5 17. Bxe5 Qxe5 18. Nhg1 Ng4 19. Rad1 Be6 20. Nh3 b5 21. Rd4 bxc4 22. Qa4 d5 23. Qxc6 Rac8 24. Qa4 c3 25. Qc2 Qd6 26. Bxe4 Nxe3 27. fxe3 Rxf1+ 28. Kg2 Bxh3+ 29. Kxh3 Bxd4 30. Bh7+ Kh8 31. Nxd4 Qe5 32. Qg6 Rf6 33. Qd3 Rcf8 34. Bg6 g4+ 0-1